| 000 | 00477 a2200169 4500 | ||
|---|---|---|---|
| 020 | _a 8126506903 | ||
| 040 |
_aDLC _bDLC |
||
| 082 | _a 005.8 | ||
| 110 | _aGollmann, Dieter. | ||
| 245 |
_aComputer security _cDieter Gollmann |
||
| 250 | _a2nd ed | ||
| 260 |
_aNew Delhi : _bWiley & Sons (Asia) Ltd., _cc2006. |
||
| 300 |
_axi, 374 p; _b. : ill. _c24 cm. |
||
| 500 | _aIncludes bibliographical references and index | ||
| 650 | _aComputer security. | ||
| 942 |
_cBK _k005.8 GOL _2ddc |
||
| 999 |
_c6697 _d6697 |
||